History Quiz

Random History or War Quiz

Famous Airplanes: World War I to Present Quiz Stats

Quiz not verified by Sporcle

Challenge
Share
Tweet
Embed
Score 0/68 Timer 15:00
0 Plays Today
Manufacturer Designation % Correct
GlosterF.1 Meteor
85.4%
SupermarineMk.V Spitfire
83.8%
MitsubishiA6M Reisen
79.7%
Northrop GrummanB-2 Spirit
78.3%
North AmericanP-51 Mustang
75.4%
BoeingB-17 Flying Fortress
75.4%
HawkerMk.II Hurricane
74.4%
General DynamicsF-16 Fighting Falcon
71.3%
SopwithCamel
71.1%
McDonnell DouglasF-15 Eagle
70.1%
McDonnell DouglasF-4 Phantom II
69.9%
MesserschmittBf-109 Kürfurst
69.5%
BoeingB-29 Super Fortress
66.6%
BoeingB-52 Stratofortress
65.8%
Mikoyan-GurevichMiG-21 Fishbed
65%
Lockheed MartinF-22 Raptor
64.8%
VoughtF4U Corsair
63.5%
BoeingF/A-18 Super Hornet
62.5%
RepublicP-47 Thunderbolt
61.9%
AvroB.III Lancaster
61.9%
Mikoyan-GurevichMiG-29 Fulcrum
61.1%
GrummanF6F Hellcat
60.5%
Mikoyan-GurevichMiG-15 Fagot
59.4%
JunkersJu-87 Stuka
59.2%
Mikoyan-GurevichMiG-17 Fresco
59.2%
Mikoyan-GurevichMiG-25 Foxbat
59.2%
ConsolidatedB-24 Liberator
59%
de HavillandMk.II Mosquito
58.8%
MesserschmittMe-262 Schwalbe
58.2%
GrummanF4F Wildcat
57%
Mikoyan-GurevichMiG-27 Flogger
56.6%
Focke-WulfFw-190 Würger
56.3%
JunkersJu-88 Beethoven
56.3%
LockheedP-38 Lightning
56.1%
Manufacturer Designation % Correct
CurtissP-40 Warhawk
55.3%
YakovlevYak-9 Little Hawk
50.4%
Lockheed MartinF-35 Lightning II
50%
DassaultMirage III
49.4%
Fairchild-RepublicA-10 Thunderbolt II
47.3%
IlyushinIl-2 Bark
45.7%
DouglasA-1 Skyraider
41.8%
LockheedSR-71 Blackbird
40%
Hawker SiddeleyAV-8A Harrier
39.8%
North AmericanF-86 Sabre
39.5%
LockheedF-117 Nighthawk
39.3%
TupolevTu-95 Bear
37.9%
MesserschmittMe-163 Komet
37.5%
MitsubishiG4M Betty
37.5%
GrummanTBF Avenger
37.3%
DouglasSBD Dauntless
36.9%
AichiD3A Kanbaku
35.2%
FokkerDr.I
34.2%
DouglasC-47 Skytrain
30.5%
Lockheed MartinC-130 Hercules
28.9%
RepublicF-105 Thundercheif
26.8%
LavochkinLa-5
26.4%
LockheedU-2 Dragon Lady
26.4%
NakajimaKi-43 Hayabusa
25.6%
BoeingP-26 Peashooter
21.3%
FokkerD.VII
21.1%
SPADS.XIII
16.2%
DouglasA-26 Invader
16.2%
FokkerEindecker
10.9%
MitsubishiKi-21 Isshikirikkō
10.7%
MacchiC.202 Folgore
8.4%
Handley PageO/400
7.2%
YokosukaMXY-7 Ohka
6.6%
CaproniCa.3
4.7%

You're not logged in!

Compare scores with friends on all Sporcle quizzes.
Sign Up with Email
OR
Log In

You Might Also Like...

Show Comments

Extras

Top Quizzes Today


Score Distribution

Your Account Isn't Verified!

In order to create a playlist on Sporcle, you need to verify the email address you used during registration. Go to your Sporcle Settings to finish the process.